Techniques of teaching strategies/ (Record no. 158947)

MARC details
000 -LEADER
fixed length control field 00537nam a22001697a 4500
005 - DATE AND TIME OF LATEST TRANSACTION
control field 20181122160121.0
010 ## - LCCN (DPL NO)
LC control number B-158745
035 ## - SYSTEM CONTROL NUMBER
System control number B-158745
037 ## - SOURCE OF ACQUISITION
Source of stock number/acquisition A.P.H Publishing Corportation
082 ## - DEWEY DECIMAL CLASSIFICATION NUMBER
Classification number 371.3
100 ## - MAIN ENTRY--PERSONAL NAME
Personal name Siddiqui, Mujibul Hasan
245 ## - TITLE STATEMENT
Title Techniques of teaching strategies/
Statement of responsibility, etc by Mujibul Hasan Siddiqui
260 ## - PUBLICATION, DISTRIBUTION, ETC. (IMPRINT)
Place of publication, distribution, etc New Delhi
Name of publisher, distributor, etc A.P.H Publishing Corportation
Date of publication, distribution, etc 2005
300 ## - PHYSICAL DESCRIPTION
Extent 313p.
Dimensions 22 cm(Hb)
942 ## - ADDED ENTRY ELEMENTS (KOHA)
Source of classification or shelving scheme Dewey Decimal Classification
Item type English Books
Classification part 371.3
Call number suffix SID
Holdings
Withdrawn status Lost status Not for loan Collection code Home library Current library Date acquired Full call number Barcode Koha item type
      Non-fiction Sarojini Nagar Sarojini Nagar 22/11/2018 371.3 SID B-158745 English Books

© Delhi Public Library
Hit Counter
free hit counter